Political Geography of cities and regions: Changing legitimacy and identity (Record no. 1224479)

MARC details
000 -LEADER
fixed length control field 00701nam a2200229Ia 4500
005 - DATE AND TIME OF LATEST TRANSACTION
control field 20241129104120.0
008 - FIXED-LENGTH DATA ELEMENTS--GENERAL INFORMATION
fixed length control field 241129s9999||||xx |||||||||||||| ||und||
020 ## - INTERNATIONAL STANDARD BOOK NUMBER
International Standard Book Number 9780367678159
037 ## - SOURCE OF ACQUISITION
Stock number Textual
040 ## - CATALOGING SOURCE
Original cataloging agency RTL
Language of cataloging eng
Transcribing agency RTL
041 ## - LANGUAGE CODE
Language code of text/sound track or separate title eng
Source of code eng
084 ## - COLON CLASSIFICATION NUMBER
Classification number U5 R3
Assigning agency RTL
100 ## - MAIN ENTRY--PERSONAL NAME
Personal name Terlouw Kees
9 (RLIN) 724828
245 #0 - TITLE STATEMENT
Title Political Geography of cities and regions: Changing legitimacy and identity
Statement of responsibility, etc. Terlouw Kees
260 ## - PUBLICATION, DISTRIBUTION, ETC.
Place of publication, distribution, etc. London
Name of publisher, distributor, etc. Routledge
Date of publication, distribution, etc. 2023
300 ## - PHYSICAL DESCRIPTION
Extent xiii,174p.
365 ## - TRADE PRICE
Price type code INR
Price amount 13301.6
490 ## - SERIES STATEMENT
Series statement Routledge Advances in Regional Economics Science and Policy.
650 ## - SUBJECT ADDED ENTRY--TOPICAL TERM
Topical term or geographic name entry element Political Geography
942 ## - ADDED ENTRY ELEMENTS (KOHA)
Koha item type Textbook
Classification part U5 R3
Holdings
Withdrawn status Lost status Damaged status Not for loan Home library Current library Date acquired Source of acquisition Cost, normal purchase price Inventory number Total Checkouts Full call number Barcode Date last seen Price effective from Koha item type
        Ratan Tata Library Ratan Tata Library 2024-11-29 Shivam Book Service 13301.60 180 & 01/02/2023   U5 R3 RT1502415 2024-11-29 2024-11-29 Textbook
Copyright @ Delhi University Library System